[Event "Braganca op 2nd"]
[Site "Braganca"]
[Date "2021.08.19"]
[Round "1"]
[White "Jacquot, Adrien"]
[Black "Gukesh, Dommaraju"]
[Result "0-1"]
[WhiteElo "1980"]
[BlackElo "2578"]
[PlyCount "80"]
[EventDate "2021.08.19"]
[EventType "swiss"]
[EventRounds "9"]
[EventCountry "POR"]
[SourceTitle "CBM 204 Extra"]
[Source "ChessBase"]
[SourceDate "2021.11.30"]
[SourceVersion "1"]
[SourceVersionDate "2021.11.30"]
[SourceQuality "1"]

1. e4 c5 2. Nf3 Nc6 3. d4 cxd4 4. Nxd4 e6 5. Be3 Nf6 6. Nc3 Bb4 7. Bd3 e5 8. Nf5 g6 9. Ng3 d5 10. exd5 Nxd5 11. Bd2 Nf4 12. Bxf4 exf4 13. Nge4 0-0 14. 0-0 Be6 15. a3 Be7 16. Re1 Qc7 17. Nb5 Qb6 18. c4 Rad8 19. Qb1 Ne5 20. c5 Qc6 21. Bf1 Bf5 22. Nxa7 Qe6 23. b4 f3 24. Qa2 fxg2 25. Bxg2 Qa6 26. Ng3 Be6 27. Qe2 Nc4 28. Qf1 Bf6 29. Ra2 Rfe8 30. b5 Qxa7 31. Rxe6 Rxe6 32. Qxc4 Rd4 33. b6 Qa5 34. Qc2 Re1+ 35. Nf1 Qb5 36. h3 Rdd1 37. f4 Rxf1+ 38. Kh2 Bd4 39. c6 Bg1+ 40. Kg3 Rd3+ 0-1

[Event "Alsace-Baden"]
[Site "Strasbourg"]
[Date "2017.09.10"]
[Round "33"]
[White "Pfenning, Uwe"]
[Black "Jacquot, Adrien"]
[Result "1-0"]
[WhiteElo "1818"]
[BlackElo "1960"]
[PlyCount "91"]
[EventDate "2017.09.10"]
[EventType "team-match"]
[EventRounds "1"]
[EventCountry "FRA"]
[SourceTitle "CBM 180 Extra"]
[Source "ChessBase"]
[SourceDate "2017.10.06"]
[SourceVersion "1"]
[SourceVersionDate "2017.10.06"]
[SourceQuality "1"]
[WhiteTeam "Baden"]
[BlackTeam "Alsace"]
[WhiteTeamCountry "GER"]
[BlackTeamCountry "FRA"]

1. e4 c5 2. Nf3 e6 3. c4 Nc6 4. Nc3 d6 5. d3 Nf6 6. g3 b6 7. Bg2 Bb7 8. 0-0 Be7 9. Be3 0-0 10. d4 cxd4 11. Nxd4 Rc8 12. Qe2 Nxd4 13. Bxd4 Qc7 14. b3 Rfd8 15. Rfe1 Bc6 16. Rad1 Rd7 17. h4 Ne8 18. Be3 Bf6 19. Bd2 Qb7 20. Qd3 Rcd8 21. Nd5 b5 22. Ba5 bxc4 23. bxc4 exd5 24. exd5 Ba4 25. Bxd8 Rxd8 26. Rb1 Qc7 27. Rb4 Bd7 28. Qb3 Bc8 29. Qa4 Kf8 30. Qc2 g6 31. h5 Bf5 32. Qd2 Qa5 33. Bf3 Qa3 34. Rb3 Qc5 35. g4 Bd7 36. hxg6 hxg6 37. Re4 Be5 38. Qh6+ Bg7 39. Qg5 Qc7 40. Qe7+ Kg8 41. Rb7 Qxb7 42. Qxd8 Bf8 43. Rxe8 Qb1+ 44. Kg2 Bxe8 45. Qxe8 Qxa2 46. c5 1-0